Регионална библиотека "Любен Каравелов" - Русе

Бог говори на своите деца (Запис номер 73732)

MARC детайли
000 -Лидер
Контролно поле с фиксирана дължина 01311nam a2200349 c 4500
003 - Код на организацията, давaща контролен номер
Контролно поле BLK
005 - Дата и час на последна редакция
Контролно поле 20190723084023.0
008 - Елементи от данни с фиксирана дължина
fixed length control field 180408b bul|||||r ||||||| ||bul||
010 ## - Наследен системен номер
LC control number KNG00078127000
020 ## - Международен стандартен номер на книга ISBN
Международен стандартен номер на книга ISBN 84-7151-732-9
-- издат.: Verbo Divino
040 ## - Източник на каталожния запис
Идентификатор на билиотеката - собственик на записа BLK
041 ## - Код за език
Код за езика на текст/звукозапис или на отделно заглавие Български
Код за езика КДБФ Български
072 #7 - Код за тематичната категория
Код организация bullib
Код за тематична категория Н86
Текст Детска отраслова литература Н
080 ## - УДК
Текстов определител УДК Свещено писание. Библия. Стар и Нов завет
УДК код - определител по УДК 22
УДК определител (082)
УДК - код + определител 22(082)
139 ## - Редно поле
Редна дума Бог говори на своите деца
Авторски знак Бог - Б 54
245 10 - Сведения за заглавието
Заглавие Бог говори на своите деца
Подзаглавни данни Текстове от Библията
257 ## - Страна на издаване
Страна на създаване/издаване Испания
260 ## - Област на издателските данни
-- Baranain
Име на издателя, разпространителя и проч. Verbo Divino
Година на издаване 2003
Печатница Print. in Spain
300 ## - Физическа характеристика
Страници 96 с.
Илюстрации и др. с ил.
Размери/Мащаб 19 см
380 ## - Жанр
Жанр Религия. Теология
500 ## - Общи забележки
Забележка Изд. на Междунар. католическо спомагателно о-во Kirche in Not.
650 #4 - Допълнително описание по предмет – тема
Основно описание – тема или топоним Библия
9 (RLIN) 148564
653 ## - Ключова дума – ненормативна
Ключова дума Библия
653 ## - Ключова дума – ненормативна
Ключова дума литература за деца
653 ## - Ключова дума – ненормативна
Ключова дума детска литература
659 ## - Тематичен бюлетин
Тематичен бюлетин Н
852 ## - Местоположение
Форматна сигнатура Цб 253250
856 4# - Електронен адрес и достъп
Електронен формат pdf - файл
Път до файла /url/
856 4# - Електронен адрес и достъп
Електронен формат pdf - файл
Път до файла /url/
942 ## - АРТИКУЛИ
Вид на библиотечния материал Книги
Скрит в OPAC Не
Koha issues (borrowed), all copies 4
944 ## - СЪЗДАВАНЕ И РЕДАКЦИЯ на ЗАПИСА
Създаване/Редакция Създаване
Дата на регистрацията/редакция 20.10.2011
Статус, дата на статуса ф /
Служител, извършил регистрацията/редакцията Людмила_Стоянова
944 ## - СЪЗДАВАНЕ И РЕДАКЦИЯ на ЗАПИСА
Създаване/Редакция Редакция
Дата на регистрацията/редакция 21.02.2018
Статус, дата на статуса ф /
Служител, извършил регистрацията/редакцията Людмила_Стоянова
999 ## - СИСТЕМНИ КОНТРОЛНИ НОМЕРА
Koha biblionumber 73732
Koha biblioitemnumber 73732
Наличности
Код за отписване Код за изгубен артикул Код за повреда Коз за рестрикции Код за отдаване Артикулен № Име на библиотеката - собственик Име на библиотеката, в която се намира в момента Статус (Текущо местоположение) Дата на вписване в системата Местоположение - отдел Цена в лева Инвентарен номер Систематично азбучна сигнатура Баркод Номер на екземпляра Цена в евро Служебна бележка Служебен тип на артикула
  Не е изгубен Не е повреден без рестрикции ползва се в читалня 119920 Регионална библиотека "Любен Каравелов" Русе Регионална библиотека "Любен Каравелов" Русе Хранилище 2011-10-20 Основен фонд - ползва се само за читалня 7.00 120000753679 Цб 253250 120000753679 1 3.58 Дост: DA Вид: А N: 17 Дата: 20.10.2011 Книги
  Не е изгубен Не е повреден без рестрикции заемане за дома 119921 Регионална библиотека "Любен Каравелов" Русе Регионална библиотека "Любен Каравелов" Русе Детски отдел 2011-10-20 Детски отдел 7.00 120000753680 ДН 2/Б 54 120000753680 2 3.58 Дост: DA Вид: А N: 17 Дата: 20.10.2011 Дата инв: 26.08.2015 Бележки инв: Д2015 Книги
  Не е изгубен Не е повреден без рестрикции заемане за дома 119922 Регионална библиотека "Любен Каравелов" Русе Регионална библиотека "Любен Каравелов" Русе Детски отдел 2011-10-20 Детски отдел 7.00 120000753681 ДН 2/Б 54 120000753681 3 3.58 Дост: DA Вид: А N: 17 Дата: 20.10.2011 Дата инв: 26.08.2015 Бележки инв: Д2015 Книги
  Не е изгубен Не е повреден без рестрикции заемане за дома 119923 Регионална библиотека "Любен Каравелов" Русе Регионална библиотека "Любен Каравелов" Русе Детски отдел 2011-10-20 Детски отдел 7.00 120000753682 ДН 2/Б 54 120000753682 4 3.58 Дост: DA Вид: А N: 17 Дата: 20.10.2011 Дата инв: 26.08.2015 Бележки инв: Д2015 Книги
  Не е изгубен Не е повреден без рестрикции заемане за дома 119924 Регионална библиотека "Любен Каравелов" Русе Регионална библиотека "Любен Каравелов" Русе Детски отдел 2011-10-20 Детски отдел 7.00 120000753683 ДН 2/Б 54 120000753683 5 3.58 Дост: DA Вид: А N: 17 Дата: 20.10.2011 Дата инв: 26.08.2015 Бележки инв: Д2015 Книги
  Не е изгубен Не е повреден без рестрикции заемане за дома 119925 Регионална библиотека "Любен Каравелов" Русе Регионална библиотека "Любен Каравелов" Русе Детски отдел 2018-01-29 Детски отдел 7.00 120000819446 ДН 2/Б 54 120000819446 6 3.58 Дост: DA Вид: А N: 1 Дата: 29.01.2018 Книги
Vip Innovations Ltd, Rousse, Bulgaria 2025